000 00923cam a2200277 a 4500
001 000015374
005 20240306073909.0
008 100206s1964 ve a 000 0 spa d
040 _aDO-SdBNP
_bspa
_cBNPHU
082 _aCu866.3
_bM378ó
100 1 _aMartí, José,
_d1853-1895
_9645
245 1 0 _aObras completas /
_cJosé Martí ; prólogo y cronología bibliográfica por Jorge Quintana.
260 _aCaracas :
_bLitho-Tipo,
_c1964.
300 _av. :
_bil. ;
_c22 cm.
500 _aIncluye notas al pie de las páginas.
500 _aLa biblioteca posee los volumenes: 1, 3 y 4.
650 4 _aCartas cubanas
_99692
600 1 0 _aMartí, José,
_d1853-1895
_9645
650 4 _aEnsayos cubanos
_95691
650 4 _aLiteratura cubana
_91483
650 4 _aNovela cubana
_92316
650 4 _aPoesía cubana
_95226
700 1 _aQuintana, Jorge,
_epról.
_934743
910 _aCatalogación derivada
049 _aBNGR
999 _c14936
_d14936